| 000 | 00451cam a22001934a 4500 | ||
|---|---|---|---|
| 005 | 20250605164326.0 | ||
| 008 | 250528s ||||||||||||||||||||||||d | ||
| 035 | _a23036 | ||
| 020 | _a9780415061612 | ||
| 040 |
_aGR-AtMCL _bgre _dGR-AtMCL _eAACR2 |
||
| 245 | 1 | _aTHE SINGLE MARKET AND BEYOND | |
| 250 | _a1 | ||
| 260 |
_bRouledge, _c1992 |
||
| 300 | _a299 | ||
| 700 | 1 |
_aSwann Dennis _93438 |
|
| 942 | _cBK | ||
| 999 |
_c8076 _d8076 |
||